000 00207nam a2200097Ia 4500
008 240331s9999 xx 000 0 und d
082 _bMIL
100 _aMilch, R. J
245 4 _aThe Iliad :
_bnotes
942 _cL
999 _c3145
_d3145